ती बाई मिच आहे (Record no. 998989)

MARC details
000 -LEADER
fixed length control field 00376nam a2200133Ia 4500
008 - FIXED-LENGTH DATA ELEMENTS--GENERAL INFORMATION
fixed length control field 151001s9999||||xx |||||||||||||| ||und||
100 ## - MAIN ENTRY--PERSONAL NAME
Personal name विष्णू सूर्या वाघ
245 ## - TITLE STATEMENT
Title ती बाई मिच आहे
250 ## - EDITION STATEMENT
Edition statement 1
260 ## - PUBLICATION, DISTRIBUTION, ETC. (IMPRINT)
Name of publisher, distributor, etc सृष्टी प्रकाशन गोवा
260 ## - PUBLICATION, DISTRIBUTION, ETC. (IMPRINT)
Date of publication, distribution, etc 2013
300 ## - PHYSICAL DESCRIPTION
Extent 123
365 ## - TRADE PRICE
Price amount 21

No items available.